000 00547nam a2200181Ia 4500
008 151202s9999||||xx |||||||||||||| ||und||
082 _bPNVM-56479
100 _aभावे पु.भा.
245 _aसायंकाल.
260 _b"कुलस्वामीनी प्रकाशन,डोंबोवली."
260 _c0
300 _a110
600 _aभावे पु.भा.
630 _aसायंकाल.
700 _aभावे पु.भा.
730 _aसायंकाल.
942 _cBOOK
999 _c1323017
_d1323014